00215nam a2200085Ia 4500082001200000100002000012245007300032260000900105300001500114 aRP.0312 aPrasad, Narayan 0aAssessment of human well-being in India: a multidimensional approach c2016 axiii, 231p